[Event "Alpenpokal 2014"]
[Site "Langenwang"]
[Date "2014.01.17"]
[Round "8.12"]
[White "Klein, Reinhard"]
[Black "Hansch, Michael"]
[Result "0-1"]
[WhiteElo "1945"]
[BlackElo "1915"]
[Annotator "chessorg"]
[PlyCount "74"]
[EventDate "2014.??.??"]
[WhiteTeam "SC Roter Turm Altstadt"]

1. d4 Nf6 2. c4 c5 3. d5 b5 4. cxb5 a6 5. bxa6 Bxa6 6. Nc3 d6 7. e4 Bxf1 8.
Kxf1 Nbd7 9. Qe2 g6 10. Nf3 Bg7 11. g3 O-O 12. Kg2 Ng4 13. Nd2 Ngf6 14. a4 Ne8
15. Nc4 Nc7 16. Bg5 h6 17. Bd2 Na6 18. Nb5 Qb8 19. Rhb1 Ne5 20. Bc3 Nd7 21.
Bxg7 Kxg7 22. f4 Nc7 23. Nxc7 Qxc7 24. b3 Rfb8 25. e5 Nb6 26. exd6 exd6 27. Rc1
Re8 28. Qb2+ Kg8 29. Nxb6 Qxb6 30. Qc3 Re2+ 31. Kh3 Qd8 32. Re1 Qd7+ 33. g4 h5
34. Qf3 hxg4+ 35. Qxg4 Rxh2+ 36. Kxh2 Qxg4 37. Re4 Kg7 0-1

[Event "Alpenpokal 2014"]
[Site "Langenwang"]
[Date "2014.01.17"]
[Round "8.16"]
[White "Zeiger, Frank"]
[Black "Aigner, Georg"]
[Result "0-1"]
[WhiteElo "1723"]
[BlackElo "1893"]
[Annotator "chessorg"]
[PlyCount "28"]
[EventDate "2014.??.??"]
[WhiteTeam "FSV Spremberg"]
[BlackTeam "TSV Dietfurt"]

1. d4 Nf6 2. Nf3 e6 3. e3 b6 4. Bd3 Bb7 5. Nbd2 d6 6. b3 Nbd7 7. Bb2 c5 8. O-O
Qc7 9. Re1 Be7 10. c4 O-O 11. Qc2 h6 12. e4 e5 13. d5 Nh7 14. Nf1 Ng5 0-1

[Event "Alpenpokal 2014"]
[Site "Langenwang"]
[Date "2014.01.17"]
[Round "8.18"]
[White "Emser, Heinrich"]
[Black "Seichter, Andreas"]
[Result "1/2-1/2"]
[WhiteElo "1887"]
[BlackElo "1800"]
[Annotator "chessorg"]
[PlyCount "23"]
[EventDate "2014.??.??"]
[WhiteTeam "SG Altenkessel"]
[BlackTeam "Gruen-Weiß-Niemegk"]

1. e4 e5 2. Bc4 Nf6 3. Nc3 Bc5 4. Nf3 d6 5. d3 Be6 6. Bg5 Nbd7 7. Bb3 a6 8. d4
Ba7 9. h3 Bxb3 10. axb3 c6 11. O-O Qc7 12. Be3 1/2-1/2

[Event "Alpenpokal 2014"]
[Site "Langenwang"]
[Date "2014.01.17"]
[Round "8.19"]
[White "Oser, Thor"]
[Black "Tauscher, Max"]
[Result "1/2-1/2"]
[WhiteElo "1833"]
[BlackElo "1858"]
[Annotator "chessorg"]
[PlyCount "31"]
[EventDate "2014.??.??"]
[BlackTeam "SC Sonthofen"]

1. e4 e5 2. g3 Nf6 3. Bg2 Be7 4. Nc3 Nc6 5. Nge2 b6 6. O-O Bb7 7. h3 O-O 8. d3
Rb8 9. Be3 d6 10. g4 h6 11. Ng3 Nh7 12. Qd2 Bg5 13. Bxg5 Qxg5 14. Qxg5 Nxg5 15.
Nd5 Ne6 16. f4 1/2-1/2

[Event "Alpenpokal 2014"]
[Site "Langenwang"]
[Date "2014.01.17"]
[Round "8.20"]
[White "Borries, Barbara"]
[Black "Fleischer, Birgit"]
[Result "1/2-1/2"]
[WhiteElo "1822"]
[BlackElo "1891"]
[Annotator "chessorg"]
[PlyCount "50"]
[EventDate "2014.??.??"]
[WhiteTeam "Taufkirchen"]
[BlackTeam "SC Geislingen"]

1. e4 c5 2. Nf3 e6 3. d4 cxd4 4. Nxd4 Qc7 5. c4 Nf6 6. Bd3 a6 7. O-O Be7 8. Nc3
Nc6 9. Nxc6 bxc6 10. Qe2 d6 11. Be3 Bb7 12. Rad1 O-O 13. Qf3 d5 14. cxd5 cxd5
15. exd5 Nxd5 16. Nxd5 Bxd5 17. Be4 Bxe4 18. Qxe4 Bd6 19. g3 Rfd8 20. Rc1 Qa5
21. a3 Qb5 22. Bd4 Rac8 23. Qe3 h6 24. Rxc8 Rxc8 25. Rc1 Rd8 1/2-1/2

[Event "Alpenpokal 2014"]
[Site "Langenwang"]
[Date "2014.01.18"]
[Round "9.2"]
[White "Fleischer, Frank"]
[Black "Van Baarle, John"]
[Result "1-0"]
[WhiteElo "2206"]
[BlackElo "2208"]
[Annotator "chessorg"]
[PlyCount "95"]
[EventDate "2014.??.??"]
[WhiteTeam "Weisse Dame Ulm"]

1. e4 e5 2. Nf3 Nc6 3. Bb5 a6 4. Ba4 Nf6 5. O-O Be7 6. Re1 b5 7. Bb3 d6 8. c3
O-O 9. h3 Na5 10. Bc2 c5 11. d4 Qc7 12. Nbd2 cxd4 13. cxd4 Nc6 14. d5 Nb8 15.
Bb1 a5 16. Nf1 Bd7 17. Bd2 Na6 18. Bd3 Nc5 19. Rc1 Qb7 20. Bb1 Rfc8 21. Ng3 Na4
22. Qb3 b4 23. Be3 Rxc1 24. Rxc1 Rc8 25. Rxc8+ Qxc8 26. a3 Nc5 27. Qc4 bxa3 28.
bxa3 Qb8 29. Bc2 Bb5 30. Qc3 Nb7 31. Qb2 Ba6 32. Qb6 Bc4 33. Nd2 Bd8 34. Qc6
Ba2 35. Ne2 a4 36. Bxa4 Ba5 37. Qc2 Bxd2 38. Qxd2 Bc4 39. Ng3 Nc5 40. Bxc5 dxc5
41. Qc2 Ba6 42. Qxc5 Nxe4 43. Nxe4 Qb1+ 44. Kh2 Qxe4 45. Qa7 Bc8 46. d6 g6 47.
d7 Bxd7 48. Bxd7 1-0

[Event "Alpenpokal 2014"]
[Site "Langenwang"]
[Date "2014.01.18"]
[Round "9.3"]
[White "Schell, John"]
[Black "Vreugdenhil, Frans"]
[Result "1-0"]
[WhiteElo "2146"]
[BlackElo "1994"]
[Annotator "chessorg"]
[PlyCount "29"]
[EventDate "2014.??.??"]

1. Nf3 Nf6 2. d4 g6 3. c4 Bg7 4. Nc3 O-O 5. e4 d6 6. h3 Nbd7 7. e5 Ne8 8. h4 c5
9. h5 cxd4 10. Qxd4 Nxe5 11. Nxe5 Bxe5 12. Qh4 Bf6 13. Bg5 Qa5 14. hxg6 Bxc3+
15. Kd1 1-0

[Event "Alpenpokal 2014"]
[Site "Langenwang"]
[Date "2014.01.18"]
[Round "9.4"]
[White "Wewers, Reinhard"]
[Black "Groenegress, Wilfried"]
[Result "1/2-1/2"]
[WhiteElo "2182"]
[BlackElo "2134"]
[Annotator "chessorg"]
[PlyCount "47"]
[EventDate "2014.??.??"]
[WhiteTeam "SK Duelmen 1952 e.V."]

1. Nf3 Nf6 2. g3 d5 3. Bg2 c6 4. c4 Bg4 5. Ne5 Bf5 6. cxd5 cxd5 7. Nc3 e6 8. g4
Bg6 9. h4 Bd6 10. d4 h6 11. Nxg6 fxg6 12. Qc2 Kf7 13. g5 hxg5 14. Bxg5 Nc6 15.
Rd1 Ne7 16. Kf1 Bb4 17. Rh3 Rc8 18. a3 Bxc3 19. Rxc3 Qd7 20. e4 Nxe4 21. Bxe4
dxe4 22. Qxe4 Rxc3 23. bxc3 Qd5 24. Qxd5 1/2-1/2

[Event "Alpenpokal 2014"]
[Site "Langenwang"]
[Date "2014.01.18"]
[Round "9.6"]
[White "Jolowicz, Matias"]
[Black "Haugg, Gerhard"]
[Result "1-0"]
[WhiteElo "2221"]
[BlackElo "1917"]
[Annotator "chessorg"]
[PlyCount "65"]
[EventDate "2014.??.??"]
[WhiteTeam "SVG Salzgitter e.V."]
[BlackTeam "Spgem Kötz/Ichenhausen"]

1. c4 Nf6 2. Nc3 e5 3. g3 c6 4. Bg2 d5 5. cxd5 cxd5 6. d4 e4 7. Bg5 Be6 8. e3
Be7 9. Nge2 Nh5 10. Bxe7 Qxe7 11. Qb3 Qd7 12. O-O O-O 13. f3 f5 14. fxe4 fxe4
15. Rxf8+ Kxf8 16. Rf1+ Kg8 17. g4 Nf6 18. Nf4 Bxg4 19. Ncxd5 Nxd5 20. Bxe4 Nc6
21. Qxd5+ Qxd5 22. Bxd5+ Kh8 23. Be6 Bxe6 24. Nxe6 Kg8 25. e4 Re8 26. d5 Nd8
27. Nxd8 Rxd8 28. Kf2 Kf7 29. Ke3+ Ke7 30. Kd4 b6 31. Rc1 Kd7 32. e5 Rf8 33.
e6+ 1-0